| 000 | 00669nam a22002057a 4500 | ||
|---|---|---|---|
| 003 | OSt | ||
| 005 | 20260310112329.0 | ||
| 082 |
_a664 _bLES/PR |
||
| 088 | _aP 654 | ||
| 100 |
_aLESNA V L _97913 |
||
| 100 |
_aASNA T A _97914 |
||
| 100 |
_aSRAVYA C _97915 |
||
| 100 |
_aMUHSIN _97916 |
||
| 100 |
_aBINSIYA _97917 |
||
| 245 | _aPROCESS OPTIMIZATION AND CHARACTERIZATION OF ARROWROOT BASED FUNCTIONAL HEALTH BEVERAGE | ||
| 260 |
_aTavanur _bDEPARTMENT OF PROCESSING AND FOOD ENGINEERING KELAPPAJI COLLEGE OF AGRICULTURAL ENGINEERING AND FOOD TECHNOLOGY _c2025 |
||
| 700 | _aRAJESH G K | ||
| 856 | _uhttp://14.139.181.140:8080/jspui/handle/123456789/2197 | ||
| 942 | _cPR | ||
| 999 |
_c19628 _d19628 |
||